Guess the lyrics (#114) - Statistics

General Stats
  • This quiz has been taken 21 times
  • The average score is 43 of 102
Answer Stats
answer % Correct
a
100%
I
100%
you
100%
be
88%
the
88%
to
88%
can't
76%
it
76%
me
76%
No,
76%
go
71%
if
71%
on
71%
in
59%
that
59%
Why
59%
it's
53%
So
53%
they
53%
just
47%
Now
47%
say
47%
but
41%
night
41%
take
41%
time
41%
was
41%
back
35%
Every
35%
get
35%
not
35%
you've
35%
did
29%
gal
29%
once
29%
People
29%
That's
29%
way
29%
Even
24%
gone,
24%
gone
24%
moonlit
24%
New
24%
old
24%
Amsterdam
18%
Been
18%
better
18%
changed
18%
Constantinople
18%
date
18%
delight
18%
Istanbul
18%
Istanbul,
18%
liked
18%
Lives
18%
long
18%
Turkish
18%
York
18%
business
12%
nobody's
12%
She'll
12%
Turks'
12%
waiting
12%
works
12%
No matching quizzes found
Score Distribution
Percent of People with Each Score
Percentile by Number Answered
Your Score History
You have not taken this quiz